Logo BPK

Bibliografia Prac Pracowników

Politechniki Koszalińskiej

Wstępne wyniki zmian fałdy skórno-tłuszczowej u studentek Wydziału Budownictwa Lądowego i Mechanicznego Wyższej Szkoły Inżynierskiej w Koszalinie / (Rekord nr 5182)

Szczegóły MARC
000 -ETYKIETA REKORDU
podpole kontrolne o stałej długości 01230nab a2200217 i 4500
001 - NUMER KONTROLNY REKORDU
podpole kontrolne BPP
003 - IDENTYFIKATOR NUMERU KONTROLNEGO REKORDU
podpole kontrolne BPK
005 - DATA OSTATNIEJ MODYFIKACJI REKORDU
podpole kontrolne 20160604115517.0
008 - POLE O STAŁEJ DŁUGOŚCI - DANE KONTROLNE
podpole kontrolne o stałej długości 160112s1974 pl n f |000 0pol
040 ## - ŹRÓDŁO KATALOGOWANIA
Instytucja, która utworzyła rekord BPK
080 ## - UNIWERSALNA KLASYFIKACJA DZIESIĘTNA - UKD
UKD 796.012
100 ## - NAZWA OSOBOWA
Nazwa osobowa WOJCIECHOWSKI, Leszek.
Lata pracy 1968 - 1996.
Instytucja Wyższa Szkoła Inżynierska w Koszalinie - Studium Wychowania Fizycznego i Sportu
245 ## - TYTUŁ/ODPOWIEDZIALNOŚĆ
Tytuł Wstępne wyniki zmian fałdy skórno-tłuszczowej u studentek Wydziału Budownictwa Lądowego i Mechanicznego Wyższej Szkoły Inżynierskiej w Koszalinie /
Pozostałe elementy strefy tytułu i oznaczenia odpowiedzialności Leszek Wojciechowski.
260 ## - STREFA ADRESU WYDAWNICZEGO
Data produkcji .
Data publikacji, dystrybucji/powstania dokumentu 1974.
500 ## - UWAGI OGÓLNE
Tekst uwagi Dane z autopsji.
520 ## - UWAGA DOTYCZĄCA TREŚCI DOKUMENTU
Analiza dokumentacyjna, adnotacja itp. Celem niniejszego doniesienia jest wstępne przedstawienie zachodzących zmian w grubości fałdy skórno-tłuszczowej u studentek I roku Wydziału Budownictwa Lądowego i Mechanicznego rozpoczynających studia w latach 1971 - 1973. Ogółem poddano analizie 87 osób, wyżej wymienioną obserwację wykonano w miesiącu październiku.
650 #0 - HASŁO PRZEDMIOTOWE W FORMIE NAZWY OGÓLNEJ LUB JEDNOSTKOWEJ
Nazwa ogólna lub geograficzna Tkanka tłuszczowa.
650 #0 - HASŁO PRZEDMIOTOWE W FORMIE NAZWY OGÓLNEJ LUB JEDNOSTKOWEJ
Nazwa ogólna lub geograficzna Studenci.
773 ## - TYTUŁ DOKUMENTU MACIERZYSTEGO
Wyrażenie wprowadzające W :
Tytuł Zeszyty Naukowe Wyższej Szkoły Inżynierskiej w Koszalinie. Prace Studiów Wychowania Fizycznego i Sportu Uczelni Technicznych. -
Informacje dotyczące relacji 1974, nr 2, s. 4-8
942 ## - HASŁO DODATKOWE - ELEMENTY(KOHA)
Typ dokumentu Artykuł
Schemat klasyfikacji Uniwersalna klasyfikacja dziesiętna
Egzemplarze
Wycofany Zagubiony Uszkodzony Dostępność Lokalizacja stała Lokalizacja bieżąca Sygnatura Typ dokumentu
      Dostępny Bibliografia Prac Pracowników - BPK Bibliografia Prac Pracowników - BPK 0153 Artykuł
© 2014 Biblioteka Politechniki Koszalińskiej :: BIBLIOGRAFIA PRAC PRACOWNIKÓW